| 000 | 00457nam a22001697a 4500 | ||
|---|---|---|---|
| 005 | 20250313135356.0 | ||
| 008 | 250313b |||||||| |||| 00| 0 eng d | ||
| 020 | _a9780072430561 | ||
| 050 |
_aHD 66 _bTUB |
||
| 082 | _27TH EDITION | ||
| 100 | _aTUBBS, STEWART R. | ||
| 245 |
_aA SYSTEMS APPROACH TO SMALL GROUP INTERACTION _cSTEWART L. TUBBS |
||
| 250 | _a7TH | ||
| 260 |
_aBOSTON _bMCGRAW HILL _cc2001 |
||
| 300 |
_axv, 432p.; _bill |
||
| 942 |
_2lcc _cBK _n0 |
||
| 999 |
_c4763 _d4763 |
||